[Event "EU Small Countries ol 8th"]
[White "Strade, Arita"]
[Black "Hawes, Jonathan"]
[Site "St Helier"]
[Round "6.3"]
[Result "1-0"]
[Date "2023.11.01"]
[WhiteElo "1926"]
[BlackElo "2095"]
[PlyCount "69"]
[EventDate "2023.10.29"]
[EventType "team-tourn"]
[EventRounds "9"]
[EventCountry "GCI"]
[SourceTitle "CBM 217 Extra"]
[Source "ChessBase"]
[SourceDate "2024.01.31"]
[SourceVersion "1"]
[SourceVersionDate "2024.01.31"]
[SourceQuality "1"]
[WhiteTeam "Guernsey"]
[BlackTeam "Jersey"]
[WhiteTeamCountry "GCI"]
[BlackTeamCountry "GCI"]

1. e4 d6 2. d4 Nf6 3. Nc3 Nbd7 4. Be3 e5 5. d5 c6 6. f3 Nb6 7. Qd2 Bd7 8. a4 cxd5 9. exd5 Qc7 10. a5 Nc4 11. Bxc4 Qxc4 12. Nge2 Be7 13. 0-0 0-0 14. Kh1 Rfc8 15. Ng3 h6 16. f4 Ng4 17. fxe5 dxe5 18. h3 Nxe3 19. Qxe3 Qd4 20. Qf3 Qf4 21. Qd3 Qd4 22. Qe2 Rxc3 23. bxc3 Qxd5 24. c4 Qc6 25. Nf5 Bf8 26. Qxe5 Re8 27. Qf4 Bxf5 28. Qxf5 Qxc4 29. Qf3 Bd6 30. Rad1 Bb8 31. Qxb7 Qe6 32. Qf3 Qe5 33. g3 Qxg3 34. Qxg3 Bxg3 35. Rd7 1-0

[Event "EU Small Countries ol 8th"]
[White "Hawes, Jonathan"]
[Black "Ribbegren, Karl Johan"]
[Site "St Helier"]
[Round "1.3"]
[Result "1/2-1/2"]
[Date "2023.10.29"]
[WhiteElo "2095"]
[BlackElo "2122"]
[PlyCount "55"]
[EventDate "2023.10.29"]
[EventType "team-tourn"]
[EventRounds "9"]
[EventCountry "GCI"]
[SourceTitle "CBM 217 Extra"]
[Source "ChessBase"]
[SourceDate "2024.01.31"]
[SourceVersion "1"]
[SourceVersionDate "2024.01.31"]
[SourceQuality "1"]
[WhiteTeam "Jersey"]
[BlackTeam "Monaco"]
[WhiteTeamCountry "GCI"]
[BlackTeamCountry "MNC"]

1. c4 c5 2. Nc3 g6 3. b3 Bg7 4. Bb2 Nc6 5. e3 e5 6. g3 Nge7 7. Bg2 d6 8. Nge2 a6 9. d3 Be6 10. Nd5 Rb8 11. Nef4 Bd7 12. 0-0 0-0 13. Nxe7+ Nxe7 14. Nd5 Nxd5 15. Bxd5 Qe7 16. Qd2 Be6 17. Bg2 Rfd8 18. Rac1 d5 19. cxd5 Bxd5 20. Qc3 Bxg2 21. Kxg2 Rbc8 22. f4 b5 23. fxe5 Re8 24. Kf2 Qd7 25. e6 fxe6 26. Qxg7+ Qxg7 27. Bxg7 Kxg7 28. Ke2 1/2-1/2

[Event "Online Olym Div4 C"]
[White "Hawes, Jonathan"]
[Black "Novak, Robert"]
[Site "Chess.com INT"]
[Round "8.3"]
[Result "1/2-1/2"]
[Date "2021.08.22"]
[WhiteElo "2095"]
[BlackElo "2190"]
[PlyCount "58"]
[EventDate "2021.08.20"]
[EventType "team (rapid)"]
[EventRounds "11"]
[EventCountry "USA"]
[SourceTitle "CBM 203 Extra"]
[Source "ChessBase"]
[SourceDate "2021.09.30"]
[SourceVersion "1"]
[SourceVersionDate "2021.09.30"]
[SourceQuality "1"]
[WhiteTeam "Jersey"]
[BlackTeam "Malta"]
[WhiteTeamCountry "GCI"]
[BlackTeamCountry "MLT"]

1. e3 d5 2. c4 e6 3. Nf3 dxc4 4. Bxc4 a6 5. b3 c5 6. Bb2 Nf6 7. 0-0 b5 8. Be2 Bb7 9. d4 Nbd7 10. a4 Qb6 11. axb5 axb5 12. Rxa8+ Bxa8 13. Na3 b4 14. Nc4 Qb8 15. Qa1 Be7 16. Rd1 0-0 17. dxc5 Nxc5 18. Be5 Qb7 19. Qb2 Rd8 20. Rxd8+ Bxd8 21. Ne1 Qd7 22. Bd4 Nce4 23. f3 Nd6 24. Ne5 Qb7 25. N1d3 Bb6 26. Nxb4 Nf5 27. Nc2 Nxd4 28. Nxd4 h6 29. Nc4 Bc5 1/2-1/2

[Event "EU Small Countries ol 6th"]
[White "Efimov, Igor"]
[Black "Hawes, Jonathan"]
[Site "San Marino"]
[Round "8.1"]
[Result "1-0"]
[Date "2019.03.29"]
[WhiteElo "2427"]
[BlackElo "2121"]
[PlyCount "91"]
[EventDate "2019.03.24"]
[EventType "team-tourn"]
[EventRounds "9"]
[EventCountry "SMR"]
[SourceTitle "CBM 189 Extra"]
[Source "ChessBase"]
[SourceDate "2019.05.31"]
[SourceVersion "1"]
[SourceVersionDate "2019.05.31"]
[SourceQuality "1"]
[WhiteTeam "Monaco"]
[BlackTeam "Jersey"]
[WhiteTeamCountry "MNC"]
[BlackTeamCountry "GCI"]

1. Nf3 d5 2. d4 c6 3. g3 Bf5 4. Bg2 h6 5. c4 e6 6. Nc3 Nd7 7. Qb3 Qb6 8. c5 Qxb3 9. axb3 a6 10. b4 Rc8 11. Nd2 Bc2 12. f3 Ngf6 13. Bh3 g5 14. e4 dxe4 15. fxe4 Bd3 16. Bf1 Bxf1 17. Rxf1 Be7 18. Nc4 0-0 19. h3 Kg7 20. b3 Kg6 21. Ra2 Ne8 22. d5 Bf6 23. Bd2 exd5 24. exd5 Bxc3 25. dxc6 Bxd2+ 26. Rxd2 Nxc5 27. bxc5 bxc6 28. Ne5+ Kg7 29. Nd7 Rg8 30. Re2 Rc7 31. Re7 Rf8 32. Kd2 Nf6 33. Rxf6 Rxd7+ 34. Rxd7 Kxf6 35. Rd6+ Ke5 36. Rxc6 Kd5 37. Rxa6 Kxc5 38. Rxh6 Kb4 39. Rb6+ Kc5 40. Rf6 Kd4 41. g4 Rh8 42. Rf3 Rh6 43. Rd3+ Kc5 44. Kc3 f6 45. Rf3 Kd5 46. b4 1-0

[Event "EU Small Countries ol 4th"]
[White "Van Hoolandt, Patrick"]
[Black "Hawes, Jonathan"]
[Site "Saint Peter Port"]
[Round "7.2"]
[Result "1/2-1/2"]
[Date "2015.04.23"]
[WhiteElo "2115"]
[BlackElo "2158"]
[PlyCount "57"]
[EventDate "2015.04.19"]
[EventType "team-tourn"]
[EventRounds "9"]
[EventCountry "GCI"]
[SourceTitle "CBM 166 Extra"]
[Source "ChessBase"]
[SourceDate "2015.06.18"]
[SourceVersion "1"]
[SourceVersionDate "2015.06.18"]
[SourceQuality "1"]
[WhiteTeam "Monaco"]
[BlackTeam "Jersey"]
[WhiteTeamCountry "MNC"]
[BlackTeamCountry "GCI"]

1. d4 d6 2. c4 e5 3. Nc3 exd4 4. Qxd4 Nf6 5. b3 Nc6 6. Qd2 g6 7. Bb2 Bg7 8. g3 0-0 9. Nh3 Nd7 10. Nf4 Nc5 11. Bg2 Ne5 12. 0-0 a5 13. Rad1 a4 14. Qc2 Bd7 15. Nfd5 axb3 16. axb3 c6 17. Nf4 Qb6 18. Na4 Qxb3 19. Qxb3 Nxb3 20. Nb6 Rad8 21. Rxd6 Bf5 22. Rfd1 Rxd6 23. Rxd6 Nf3+ 24. Bxf3 Bxb2 25. e4 Bc8 26. Rd1 Nc5 27. Nd3 Nxd3 28. Nxc8 Rxc8 29. Rxd3 1/2-1/2

[Event "EU Small Countries ol 4th"]
[White "Frick, Renato"]
[Black "Hawes, Jonathan"]
[Site "Saint Peter Port"]
[Round "3.2"]
[Result "0-1"]
[Date "2015.04.20"]
[WhiteElo "2068"]
[BlackElo "2158"]
[PlyCount "76"]
[EventDate "2015.04.19"]
[EventType "team-tourn"]
[EventRounds "9"]
[EventCountry "GCI"]
[SourceTitle "CBM 166 Extra"]
[Source "ChessBase"]
[SourceDate "2015.06.18"]
[SourceVersion "1"]
[SourceVersionDate "2015.06.18"]
[SourceQuality "1"]
[WhiteTeam "Liechtenstein"]
[BlackTeam "Jersey"]
[WhiteTeamCountry "LIE"]
[BlackTeamCountry "GCI"]

1. e4 e6 2. d4 d5 3. Nc3 Bb4 4. e5 Qd7 5. a3 Bf8 6. Qg4 b6 7. Nf3 Ba6 8. Bxa6 Nxa6 9. 0-0 Ne7 10. Rd1 Nf5 11. Qh3 c5 12. dxc5 Nxc5 13. g4 Ne7 14. b4 Nb7 15. Bb2 Ng6 16. Ne2 Rc8 17. c3 Be7 18. Rac1 Qa4 19. Ned4 0-0 20. Qg3 Qd7 21. h4 f6 22. h5 Nxe5 23. Nxe5 fxe5 24. Qxe5 Nd8 25. Re1 Bd6 26. Qe2 Rc4 27. f3 Bf4 28. Rcd1 Rf6 29. Kg2 Kf7 30. Qd3 Kg8 31. Ne2 Qc7 32. Rh1 Nf7 33. Nxf4 Rcxf4 34. Rh3 Ne5 35. Qe3 Rxf3 36. Rxf3 Nxf3 37. Rh1 Qc4 38. Rh3 Nd2 0-1

[Event "EU Small Countries ol"]
[White "Guller, Andras"]
[Black "Hawes, Jonathan"]
[Site "Andorra"]
[Round "4"]
[Result "1/2-1/2"]
[Date "2009.06.23"]
[WhiteElo "2080"]
[BlackElo "2159"]
[PlyCount "39"]
[EventDate "2009.06.21"]
[EventType "team"]
[EventRounds "9"]
[EventCountry "AND"]
[SourceTitle "CBM 130 Extra"]
[Source "ChessBase"]
[SourceDate "2009.07.02"]
[SourceVersion "2"]
[SourceVersionDate "2009.07.15"]
[SourceQuality "1"]

1. e4 e6 2. d4 d5 3. Nd2 Nf6 4. e5 Nfd7 5. Bd3 c5 6. c3 Nc6 7. Ne2 cxd4 8. cxd4 f6 9. exf6 Nxf6 10. Nf3 Bd6 11. 0-0 Qb6 12. b3 0-0 13. Bf4 Bxf4 14. Nxf4 Nxd4 15. Nxd4 e5 16. Nfe2 exd4 17. Nxd4 Bg4 18. Be2 Bxe2 19. Nxe2 Rfe8 20. Ng3 1/2-1/2

[Event "Olympiad-38"]
[White "Hawes, Jonathan"]
[Black "Medina, Ricardo"]
[Site "Dresden"]
[Round "11"]
[Result "1-0"]
[Date "2008.11.25"]
[WhiteElo "2174"]
[BlackElo "2052"]
[PlyCount "81"]
[EventDate "2008.11.13"]
[EventType "team-swiss"]
[EventRounds "11"]
[EventCountry "GER"]
[SourceTitle "CBM 128"]
[Source "ChessBase"]
[SourceDate "2009.01.28"]
[SourceVersion "1"]
[SourceVersionDate "2009.01.28"]
[SourceQuality "1"]
[WhiteTeam "Jersey"]
[BlackTeam "Honduras"]
[WhiteTeamCountry "JCI"]
[BlackTeamCountry "HON"]

1. d4 Nf6 2. c4 e5 3. dxe5 Ng4 4. e3 Nxe5 5. Nh3 d6 6. Nf4 g6 7. Be2 Bg7 8. Nc3 Nbc6 9. 0-0 0-0 10. Ncd5 Bf5 11. Bd2 Rc8 12. Bc3 Re8 13. Qb3 b6 14. Rad1 Rb8 15. Qa4 a5 16. Rd2 Rc8 17. Rfd1 Bd7 18. Qc2 Qh4 19. b3 g5 20. Nh5 g4 21. Nxg7 Kxg7 22. Qe4 f6 23. f4 f5 24. Qb1 Re6 25. g3 Qh6 26. fxe5 Nxe5 27. Nf4 Re7 28. Nd5 Ree8 29. Qb2 Kg8 30. Bd4 Bc6 31. Rf1 Bd7 32. e4 Qg5 33. Qc3 Be6 34. Bxe5 dxe5 35. exf5 Bxf5 36. Rxf5 Qxf5 37. Bxg4 Qf8 38. Bxc8 Rxc8 39. Qxe5 Re8 40. Qxe8 Qxe8 41. Nf6+ 1-0

[Event "Olympiad-38"]
[White "Prasad, Calvin"]
[Black "Hawes, Jonathan"]
[Site "Dresden"]
[Round "10"]
[Result "1-0"]
[Date "2008.11.23"]
[WhiteElo "1888"]
[BlackElo "2174"]
[PlyCount "59"]
[EventDate "2008.11.13"]
[EventType "team-swiss"]
[EventRounds "11"]
[EventCountry "GER"]
[SourceTitle "CBM 128"]
[Source "ChessBase"]
[SourceDate "2009.01.28"]
[SourceVersion "1"]
[SourceVersionDate "2009.01.28"]
[SourceQuality "1"]
[WhiteTeam "Fiji"]
[BlackTeam "Jersey"]
[WhiteTeamCountry "FIJ"]
[BlackTeamCountry "JCI"]

1. d4 Nf6 2. c4 g6 3. Nc3 Bg7 4. e4 d6 5. Be2 0-0 6. Bg5 h6 7. Be3 Nbd7 8. h4 e5 9. d5 Nc5 10. f3 Nh5 11. Qd2 Nf4 12. 0-0-0 Kh7 13. h5 Nxh5 14. Nh3 Ng3 15. Rh2 h5 16. Qe1 Nxe2+ 17. Qxe2 Rh8 18. Ng5+ Kg8 19. g4 Bh6 20. Qd2 Bxg5 21. Bxg5 Nd3+ 22. Kb1 f6 23. Be3 Nf4 24. gxh5 g5 25. Rg1 Kf7 26. Bxf4 exf4 27. h6 Bd7 28. Qg2 Rh7 29. Ne2 Qh8 30. Nd4 1-0

[Event "Olympiad-38"]
[White "Goh, Wei Ming Kevin"]
[Black "Hawes, Jonathan"]
[Site "Dresden"]
[Round "4"]
[Result "1-0"]
[Date "2008.11.16"]
[WhiteElo "2420"]
[BlackElo "2174"]
[PlyCount "85"]
[EventDate "2008.11.13"]
[EventType "team-swiss"]
[EventRounds "11"]
[EventCountry "GER"]
[SourceTitle "CBM 128"]
[Source "ChessBase"]
[SourceDate "2009.01.28"]
[SourceVersion "1"]
[SourceVersionDate "2009.01.28"]
[SourceQuality "1"]
[WhiteTeam "Singapore"]
[BlackTeam "Jersey"]
[WhiteTeamCountry "SIN"]
[BlackTeamCountry "JCI"]

1. e4 g6 2. d4 Bg7 3. Nc3 d6 4. f4 c6 5. Nf3 Nd7 6. e5 Nb6 7. Bd3 Nh6 8. 0-0 Bg4 9. h3 Bxf3 10. Qxf3 Qd7 11. a4 Nf5 12. a5 Nc8 13. Qf2 h5 14. a6 Nb6 15. axb7 Qxb7 16. Ne4 h4 17. c3 Nd5 18. Ng5 Nc7 19. Nf3 d5 20. Bd2 e6 21. Rfb1 Bf8 22. Bxf5 gxf5 23. Nxh4 Be7 24. Nf3 Kd7 25. b3 Rag8 26. Kh2 Nb5 27. Be1 a6 28. c4 Nc7 29. Ba5 Ne8 30. cxd5 exd5 31. Qc2 Ng7 32. Re1 Ke6 33. Rac1 Rc8 34. Re3 Qb5 35. Bd2 Rh5 36. Rc3 Kd7 37. e6+ Nxe6 38. Ne5+ Ke8 39. Qd1 Rh6 40. Rxc6 Rxc6 41. Rxc6 Bf6 42. Rc8+ Bd8 43. Qc2 1-0

[Event "Olympiad-37"]
[White "Gourlay, Iain"]
[Black "Hawes, Jonathan"]
[Site "Turin"]
[Round "1"]
[Result "1/2-1/2"]
[Date "2006.05.21"]
[WhiteElo "2340"]
[BlackElo "2166"]
[PlyCount "86"]
[EventDate "2006.05.21"]
[EventType "team-swiss"]
[EventRounds "13"]
[EventCountry "ITA"]
[SourceTitle "CBM 113"]
[Source "ChessBase"]
[SourceDate "2006.07.31"]
[SourceVersion "1"]
[SourceVersionDate "2006.07.31"]
[SourceQuality "1"]
[WhiteTeam "Scotland"]
[BlackTeam "Jersey"]
[WhiteTeamCountry "SCO"]
[BlackTeamCountry "JCI"]

1. Nf3 d5 2. g3 c6 3. Bg2 Bf5 4. d3 h6 5. Nbd2 Nf6 6. b3 Nbd7 7. Bb2 e6 8. 0-0 Be7 9. e4 dxe4 10. dxe4 Bh7 11. Qe2 Qc7 12. a3 a5 13. e5 Nd5 14. c4 N5b6 15. Ne4 0-0 16. Rfd1 Bxe4 17. Qxe4 Nc5 18. Qc2 Nbd7 19. Bc3 Rfd8 20. b4 axb4 21. axb4 Rxa1 22. Rxa1 Na6 23. c5 Qb8 24. Qb2 Nc7 25. Nd2 Nb5 26. Nc4 Nxc3 27. Qxc3 f6 28. Bh3 Nxe5 29. Bxe6+ Kh8 30. Nxe5 Qxe5 31. Qxe5 fxe5 32. Ra7 Rb8 33. Bf5 Bg5 34. Ra2 Kg8 35. Kf1 Kf7 36. Ke2 Ke7 37. h4 Bf6 38. Ke3 Rd8 39. Ra7 Rb8 40. b5 cxb5 41. c6 Kd6 42. cxb7 Bd8 43. Ke2 Bb6 1/2-1/2

[Event "Jersey op"]
[White "Hillarp Persson, Tiger"]
[Black "Hawes, Jonathan"]
[Site "St Helier"]
[Round "3"]
[Result "1/2-1/2"]
[Date "2005.02.15"]
[WhiteElo "2545"]
[BlackElo "2155"]
[PlyCount "64"]
[EventDate "2005.02.13"]
[EventType "swiss"]
[EventRounds "7"]
[EventCountry "JCI"]
[SourceTitle "CBM 104 Extra"]
[Source "ChessBase"]
[SourceDate "2005.03.01"]
[SourceVersion "1"]
[SourceVersionDate "2005.03.01"]
[SourceQuality "1"]

1. d4 d5 2. c4 e6 3. Nc3 Nf6 4. cxd5 exd5 5. Bg5 Be7 6. e3 0-0 7. Bd3 Nbd7 8. Nge2 Re8 9. 0-0 h6 10. Bh4 c6 11. f3 Nf8 12. Kh1 b6 13. e4 Nxe4 14. fxe4 Bxh4 15. exd5 cxd5 16. Nf4 Bb7 17. Qf3 Qf6 18. Ncxd5 Qxd4 19. Rad1 Qe5 20. Bb5 Red8 21. Bc4 Rac8 22. Bb3 Kh8 23. Qg4 Bg5 24. Rde1 Qd6 25. h4 Bxf4 26. Nxf4 Rc7 27. Rd1 Qe7 28. Nh5 Ng6 29. Rxd8+ Qxd8 30. Bxf7 Qxh4+ 31. Qxh4 Nxh4 32. Kh2 Nf3+ 1/2-1/2

[Event "Olympiad-36"]
[White "Hawes, Jonathan"]
[Black "Fancy, Stuart"]
[Site "Mallorca"]
[Round "11"]
[Result "1-0"]
[Date "2004.10.26"]
[WhiteElo "2151"]
[BlackElo "2195"]
[PlyCount "53"]
[EventDate "2004.10.15"]
[EventType "team-swiss"]
[EventRounds "14"]
[EventCountry "ESP"]
[SourceTitle "CBM 104"]
[Source "ChessBase"]
[SourceDate "2005.01.27"]
[SourceVersion "1"]
[SourceVersionDate "2005.01.27"]
[SourceQuality "1"]
[WhiteTeam "Jersey"]
[BlackTeam "Papua New Guinea"]
[WhiteTeamCountry "JCI"]
[BlackTeamCountry "PNG"]

1. d4 d6 2. c4 g6 3. Nc3 Bg7 4. e4 e5 5. d5 Nd7 6. Rb1 a5 7. a3 Ne7 8. Bd3 0-0 9. Nge2 f5 10. exf5 gxf5 11. f4 Nc5 12. b4 axb4 13. axb4 Nxd3+ 14. Qxd3 Ng6 15. 0-0 Qf6 16. Nb5 Rf7 17. Bb2 Ra2 18. Qb3 Rxb2 19. Qxb2 c6 20. Na7 Bd7 21. dxc6 bxc6 22. b5 cxb5 23. cxb5 Qd8 24. b6 exf4 25. Qb3 Be5 26. Rfc1 Qb8 27. Nc6 1-0

[Event "Olympiad-36"]
[White "Hawes, Jonathan"]
[Black "Ermenkov, Evgenij"]
[Site "Mallorca"]
[Round "10"]
[Result "0-1"]
[Date "2004.10.25"]
[WhiteElo "2151"]
[BlackElo "2454"]
[PlyCount "64"]
[EventDate "2004.10.15"]
[EventType "team-swiss"]
[EventRounds "14"]
[EventCountry "ESP"]
[SourceTitle "CBM 104"]
[Source "ChessBase"]
[SourceDate "2005.01.27"]
[SourceVersion "1"]
[SourceVersionDate "2005.01.27"]
[SourceQuality "1"]
[WhiteTeam "Jersey"]
[BlackTeam "Palestine"]
[WhiteTeamCountry "JCI"]
[BlackTeamCountry "PLE"]

1. e4 c5 2. Nc3 Nc6 3. f4 g6 4. Nf3 Bg7 5. Bb5 Nd4 6. a4 b6 7. 0-0 Bb7 8. d3 e6 9. Re1 Ne7 10. Nxd4 cxd4 11. Ne2 a6 12. Bc4 d5 13. exd5 Nxd5 14. Ng3 0-0 15. Rb1 Qc7 16. Rf1 Qc6 17. Bxd5 Qxd5 18. Rf2 Qa2 19. Bd2 Qxa4 20. c4 Qc6 21. Ne4 Rfe8 22. b3 h6 23. Qf1 f5 24. Ng3 h5 25. h3 Bf6 26. Ne2 Rad8 27. Kh2 Bh4 28. g3 Bf6 29. h4 a5 30. Kh3 Ra8 31. Ra1 a4 32. b4 b5 0-1

[Event "Olympiad-36"]
[White "Hawes, Jonathan"]
[Black "Dekker, Marvin"]
[Site "Mallorca"]
[Round "7"]
[Result "1/2-1/2"]
[Date "2004.10.22"]
[WhiteElo "2151"]
[BlackElo "2133"]
[PlyCount "39"]
[EventDate "2004.10.15"]
[EventType "team-swiss"]
[EventRounds "14"]
[EventCountry "ESP"]
[SourceTitle "CBM 104"]
[Source "ChessBase"]
[SourceDate "2005.01.27"]
[SourceVersion "1"]
[SourceVersionDate "2005.01.27"]
[SourceQuality "1"]
[WhiteTeam "Jersey"]
[BlackTeam "Netherlands Antilles"]
[WhiteTeamCountry "JCI"]
[BlackTeamCountry "AHO"]

1. d4 Nf6 2. Nf3 e6 3. Bg5 c5 4. e3 Nc6 5. c3 h6 6. Bh4 cxd4 7. exd4 Be7 8. Nbd2 d5 9. Bd3 0-0 10. 0-0 b6 11. Re1 Bb7 12. Ne5 Nxe5 13. dxe5 Nd7 14. Bxe7 Qxe7 15. Nf3 Nc5 16. Nd4 Qg5 17. Bc2 a6 18. Qc1 Qxc1 19. Raxc1 Rac8 20. f4 1/2-1/2

[Event "Olympiad-36"]
[White "Juarez Flores, Carlos Armando"]
[Black "Hawes, Jonathan"]
[Site "Mallorca"]
[Round "4"]
[Result "1-0"]
[Date "2004.10.18"]
[WhiteElo "2391"]
[BlackElo "2151"]
[PlyCount "43"]
[EventDate "2004.10.15"]
[EventType "team-swiss"]
[EventRounds "14"]
[EventCountry "ESP"]
[SourceTitle "CBM 104"]
[Source "ChessBase"]
[SourceDate "2005.01.27"]
[SourceVersion "1"]
[SourceVersionDate "2005.01.27"]
[SourceQuality "1"]
[WhiteTeam "Guatemala"]
[BlackTeam "Jersey"]
[WhiteTeamCountry "GUA"]
[BlackTeamCountry "JCI"]

1. e4 e6 2. d4 d5 3. Nc3 Bb4 4. e5 Qd7 5. a3 Bf8 6. b4 b6 7. Nf3 c6 8. Rb1 Ba6 9. b5 Bb7 10. Bd3 cxb5 11. Nxb5 a6 12. Nc3 b5 13. 0-0 Nc6 14. Re1 Nge7 15. Ne2 Ng6 16. h4 Be7 17. h5 Nh4 18. Nxh4 Bxh4 19. c3 Na5 20. Nf4 Rc8 21. Qg4 g5 22. Ne2 1-0

[Event "Olympiad-36"]
[White "Charbonneau, Pascal"]
[Black "Hawes, Jonathan"]
[Site "Mallorca"]
[Round "1"]
[Result "1-0"]
[Date "2004.10.15"]
[WhiteElo "2490"]
[BlackElo "2151"]
[PlyCount "41"]
[EventDate "2004.10.15"]
[EventType "team-swiss"]
[EventRounds "14"]
[EventCountry "ESP"]
[SourceTitle "CBM 104"]
[Source "ChessBase"]
[SourceDate "2005.01.27"]
[SourceVersion "1"]
[SourceVersionDate "2005.01.27"]
[SourceQuality "1"]
[WhiteTeam "Canada"]
[BlackTeam "Jersey"]
[WhiteTeamCountry "CAN"]
[BlackTeamCountry "JCI"]

1. e4 e6 2. d4 d5 3. Nc3 Bb4 4. e5 Qd7 5. a3 Bxc3+ 6. bxc3 b6 7. Qg4 f5 8. Qg3 Ba6 9. Bxa6 Nxa6 10. Ne2 0-0-0 11. a4 Nb8 12. a5 Kb7 13. h4 Nc6 14. axb6 axb6 15. Nf4 Na5 16. Rxa5 bxa5 17. Nd3 Qf7 18. Nc5+ Kc6 19. Qd3 Ra8 20. c4 Ne7 21. Qb3 1-0

[Event "Jersey op"]
[White "Ward, Christopher"]
[Black "Hawes, Jonathan"]
[Site "St Helier"]
[Round "1"]
[Result "1-0"]
[Date "2002.02.24"]
[WhiteElo "2486"]
[BlackElo "2139"]
[PlyCount "63"]
[EventDate "2002.02.24"]
[EventType "swiss"]
[EventRounds "7"]
[EventCountry "JCI"]
[SourceTitle "CBM 086 Extra"]
[Source "ChessBase"]
[SourceDate "2002.03.14"]
[SourceVersion "1"]
[SourceVersionDate "2002.03.14"]
[SourceQuality "1"]

1. d4 Nf6 2. Bg5 g6 3. Bxf6 exf6 4. e3 Bg7 5. h4 d6 6. h5 f5 7. Ne2 Nd7 8. Nd2 Qe7 9. c3 c6 10. hxg6 fxg6 11. Nf4 Nf6 12. g3 Be6 13. Bg2 Bf7 14. Bf3 h5 15. Qc2 d5 16. Be2 Ne4 17. Nf3 g5 18. Nd3 0-0-0 19. Nfe5 Bxe5 20. Nxe5 h4 21. g4 fxg4 22. Bxg4+ Kb8 23. 0-0-0 Rh6 24. Bf5 Nf6 25. Rdg1 Rg8 26. f3 Rhh8 27. Qh2 Ka8 28. Qh3 Bh5 29. Rg2 c5 30. Rhg1 cxd4 31. cxd4 Be8 32. Kb1 1-0